| Tag |
First Indicator |
Second Indicator |
Subfields |
| LEADER |
00000cas a2200000 a 4500 |
| 001 |
in00000019420 |
| 005 |
20151007053617.0 |
| 008 |
871116d19871989ctumn1p i 0uuua0eng d |
| 010 |
|
|
|a 88659054
|z 88033043
|
| 022 |
0 |
|
|a 0898-6517
|
| 035 |
|
|
|a (OCoLC)16987728
|
| 035 |
|
|
|9 AAB2229AM
|
| 040 |
|
|
|a CZL
|c CZL
|d NDD
|d CLU
|d OCL
|d HUL
|d DLC
|d NSD
|d TXA
|d UtOrBLW
|
| 042 |
|
|
|a lc
|a nsdp
|
| 043 |
|
|
|a fb-----
|
| 049 |
|
|
|a [Docs] TXAE
|
| 050 |
|
4 |
|a DT1
|b .D352
|
| 210 |
0 |
|
|a Dly. rep., Afr. Sub-Sahara, Index
|
| 222 |
|
0 |
|a Daily report. Africa Sub-Sahara. Index
|
| 245 |
0 |
0 |
|a Daily report.
|p Africa (Sub-Sahara).
|p Index /
|c Foreign Broadcast Information Service.
|
| 246 |
1 |
0 |
|a Africa (Sub-Sahara).
|p Index
|
| 246 |
1 |
4 |
|a Index to the Foreign Broadcast Information Service daily reports.
|p Africa (Sub-Sahara)
|
| 246 |
1 |
0 |
|a Foreign Broadcast Information Service daily report.
|p Africa (Sub-Sahara)
|
| 264 |
|
1 |
|a New Canaan, CT :
|b NewsBank,
|c ©1987-©1989.
|
| 300 |
|
|
|a volumes ;
|c 28 cm.
|
| 310 |
|
|
|a Monthly (with annual cumulations)
|
| 336 |
|
|
|a text
|b txt
|2 rdacontent
|
| 337 |
|
|
|a unmediated
|b n
|2 rdamedia
|
| 338 |
|
|
|a volume
|b nc
|2 rdacarrier
|
| 362 |
0 |
|
|a Vol. 1, no. 1 (June 1987)-v. 3, no. 1 (June 1989).
|
| 500 |
|
|
|a At head of title: Foreign Broadcast Information Service.
|
| 500 |
|
|
|a Volume 2 cumulation issued under later title.
|
| 630 |
0 |
0 |
|a Daily report.
|p Africa (Sub-Sahara)
|x Indexes
|x Periodicals.
|
| 651 |
|
0 |
|a Africa, Sub-Saharan
|x Indexes
|x Periodicals.
|
| 651 |
|
0 |
|a Africa, Sub-Saharan
|x Politics and government
|x Periodicals
|x Indexes.
|
| 651 |
|
0 |
|a Africa, Sub-Saharan
|x Foreign relations
|x Periodicals
|x Indexes.
|
| 710 |
1 |
|
|a United States.
|b Foreign Broadcast Information Service.
|
| 772 |
1 |
|
|t Daily report. Africa (Sub-Sahara)
|x 0898-3488 (DLC)sn 8720070 (OCoLC)16076302
|
| 780 |
0 |
1 |
|t Daily report, Middle East & Africa. Index
|x 0736-3427 (DLC) 82647405 (OCoLC)8198391
|
| 785 |
0 |
0 |
|t Daily report. Sub-Saharan Africa. Index (New Canaan, Conn. : 1989)
|x 1046-0713
|w (DLC)sn 89003972
|w (OCoLC)20323806
|
| 948 |
|
|
|a t1
|
| 999 |
|
|
|a MARS
|
| 999 |
f |
f |
|s 43edce5e-57b8-3fa4-a392-d185c7f93e8e
|i 3db0f017-9169-350b-98ca-b6971d90331a
|t 0
|
| 952 |
f |
f |
|p ric
|a Texas A&M University
|b Rellis Campus
|c Joint Library Facility
|d Remote Storage
|t 0
|e DT1 .D352
|h Library of Congress classification
|i unmediated -- volume
|k v.1
|l 1987:June/1988:May
|m A14832611177
|
| 998 |
f |
f |
|a DT1 .D352
|s v.1 (1987:June/1988:May)
|t 0
|l Remote Storage
|